| 000 | 00359nam a2200121Ia 4500 | ||
|---|---|---|---|
| 008 | 180129s9999||||xx |||||||||||||| ||und|| | ||
| 020 |
_cNT350 _a978-986-320-661-3 |
||
| 100 | _a王振威 | ||
| 245 | 0 |
_c王振威 _a快樂,一直都在:改變心靈模式,由內而外找回自在圓滿 |
|
| 250 | _a一版 | ||
| 260 |
_c2015.02 _a台北市 |
||
| 300 |
_c cm. _a p. |
||
| 942 |
_2ccl _cBOOK |
||
| 999 |
_c180 _d180 |
||